Employment law in practice / (Record no. 5290)

MARC details
000 -LEADER
fixed length control field 00566nam a22001817a 4500
008 - FIXED-LENGTH DATA ELEMENTS--GENERAL INFORMATION
fixed length control field 130301t xxu||||| |||| 00| 0 eng d
020 ## - INTERNATIONAL STANDARD BOOK NUMBER
International Standard Book Number 9-7801-9957-9198
082 ## - DEWEY DECIMAL CLASSIFICATION NUMBER
Edition number 22 ed.
Classification number 344.0105 EMP
100 ## - MAIN ENTRY--PERSONAL NAME
Personal name Edited by Nigel
9 (RLIN) 6969
245 ## - TITLE STATEMENT
Title Employment law in practice /
Statement of responsibility, etc The City Law school, City university , London
250 ## - EDITION STATEMENT
Edition statement 9 ed
260 ## - PUBLICATION, DISTRIBUTION, ETC. (IMPRINT)
Place of publication, distribution, etc USA :
Name of publisher, distributor, etc Oxford University press
Date of publication, distribution, etc 2011
300 ## - PHYSICAL DESCRIPTION
Extent xxxiii, 340 P. ;
Dimensions 29 cm.
500 ## - GENERAL NOTE
General note Includes Index
650 ## - SUBJECT ADDED ENTRY--TOPICAL TERM
Topical term or geographic name as entry element Employment law
9 (RLIN) 6909
650 ## - SUBJECT ADDED ENTRY--TOPICAL TERM
Topical term or geographic name as entry element Employment law in practice
9 (RLIN) 6970
942 ## - ADDED ENTRY ELEMENTS (KOHA)
Source of classification or shelving scheme Dewey Decimal Classification
Item type Books
Holdings
Withdrawn status Lost status Source of classification or shelving scheme Damaged status Not for loan Home library Current library Shelving location Date acquired Total Checkouts Full call number Barcode Date last seen Copy number Price effective from Koha item type Public note
    Dewey Decimal Classification     Law Development Centre Main Library Law Development Centre Main Library Text Books and Laws 03/01/2013   344.0105 EMP 4302/2013 03/01/2013 1 03/01/2013 Books Reserve